000148415 001__ 148415 000148415 005__ 20250116181745.0 000148415 037__ $$aNORMAS-2025-002 000148415 245__ $$aResolución de 10 de diciembre de 2024, del Rector de la Universidad de Zaragoza, por la que se establece, a efectos de cómputo de plazos, el calendario de días inhábiles en el ámbito de la Universidad de Zaragoza para el año 2025 000148415 260__ $$aZaragoza$$bConsejo de Gobierno de la Universidad de Zaragoza$$c2024-12-10 000148415 6531_ $$aServicios y otras estructuras 000148415 650__ $$aCalendario 000148415 8560_ $$fsgaspar@unizar.es 000148415 8564_ $$s144700$$uhttps://zaguan.unizar.es/record/148415/files/Resolucion%2010%20diciembre%202024.pdf$$yCalendario días inhábiles 2025 000148415 8564_ $$s134123$$uhttps://zaguan.unizar.es/record/148415/files/Correcci%C3%B3n%20errores%20de%20la%20resoluci%C3%B3n%2010%20diciembre%202024.pdf$$yCorrección errores calendario días inhábiles 2025 000148415 910__ $$a19/12/2024 000148415 980__ $$aNORMAS